Bài ca tuổi trẻ 70 ca khúc dành cho tuổi trẻ của 14 tác giả được giải thưởng Hồ Chí Minh.- Thế kỷ 20

Tuyển 70 ca khúc dành cho tuổi trẻ của 14 tác giả được giải thưởng Hồ Chí Minh - Thế kỷ 20: Nguyễn Xuân Khoát, Nguyễn Văn Thượng, Lưu Hữu Phước, Đỗ Nhuận, Văn Cao..

Αποθηκεύτηκε σε:
Λεπτομέρειες βιβλιογραφικής εγγραφής
Κύριος συγγραφέας: Nguyễn Thụy Kha (b.s)
Άλλοι συγγραφείς: Nguyễn Văn Thương (Tác giả), Đỗ Nhuận (Tác giả), Lưu Hữu Phước (Tác giả), Văn Cao (Tác giả)
Μορφή: Βιβλίο
Γλώσσα:Vietnamese
Έκδοση: H. Thanh niên 2005
Θέματα:
Ετικέτες: Προσθήκη ετικέτας
Δεν υπάρχουν, Καταχωρήστε ετικέτα πρώτοι!
Thư viện lưu trữ: Mạng thư viện Đại học Đà Nẵng
LEADER 01555nam a2200373 4500
001 000009498
003 5695
005 20111028081021.0
008 111028s2005 viesd
020 |c 30000đ 
041 0 |a vie 
082 |a 781.3  |b Bai 
100 0 |a Nguyễn Thụy Kha (b.s) 
245 0 |a Bài ca tuổi trẻ  |b 70 ca khúc dành cho tuổi trẻ của 14 tác giả được giải thưởng Hồ Chí Minh.- Thế kỷ 20  |c Nguyễn Xuân Khoát, Nguyễn Văn Thương, Lưu Hữu Phước... ; Nguyễn Thuủ Khoa bs, giới thiệu 
260 |a H.  |b Thanh niên  |c 2005 
300 |a 179tr  |c 28cm 
520 |a Tuyển 70 ca khúc dành cho tuổi trẻ của 14 tác giả được giải thưởng Hồ Chí Minh - Thế kỷ 20: Nguyễn Xuân Khoát, Nguyễn Văn Thượng, Lưu Hữu Phước, Đỗ Nhuận, Văn Cao.. 
653 |a Âm nhạc 
653 |a Việt Nam 
653 |a Bài hát 
700 |a Nguyễn Văn Thương  |e Tác giả 
700 |a Đỗ Nhuận  |e Tác giả 
700 |a Lưu Hữu Phước  |e Tác giả 
700 |a Văn Cao  |e Tác giả 
OWN |a LSP 
AVA |a UDN50  |b LSP  |d 781.3 Bai  |e available  |t Error 5001 Not defined in file expand_doc_bib_avail.  |f 2  |g 0  |h N  |i 0  |k 1 
999 |a From the UDN01 
AVA |a UDN50  |b LSP  |d 781.3 Bai  |e available  |t Error 5001 Not defined in file expand_doc_bib_avail.  |f 2  |g 0  |h N  |i 0  |k 1 
TYP |a Monograph 
TYP |a Printed language 
980 |a Mạng thư viện Đại học Đà Nẵng